000 00987cam a22001934a 4500
005 20250605164005.0
008 250528s ||||||||||||||||||||||||d
035 _a15792
020 _a198782179
040 _aGR-AtMCL
_bgre
_dGR-AtMCL
_eAACR2
245 1 _aIntroduction to Organizational Behaviour
260 _bOxford University Press,
_c2000
300 _a358
520 _aA lucid and comprehensive guide for students new to the subject. Acknowledgements, Introduction, What is an Organization?, Scientific Management, Motivation and Leadership, Total Quality Management, Power in Organizations, Politics and Political Behavior in Organizations, Decision Making in Organizations, Workplace Stress, Organizational Culture, The Symbolic Life of Organizations, A Guide to Studying Organization Behavior, Writing and Researching Dissertations in Organization Behavior, Bibliography, Index.
700 1 _aDrummond Helga
_91777
942 _cBK
999 _c1345
_d1345